00837 2200277 4500001002100000005001500021035002000036007000300056008004100059020001800100082000800118084001400126100002100140245010200161250001000263260003500273300002000308650002100328505005000349505002900399505001800428505003900446505003000485505003600515990000800551INLIS00000000000019220170913114027 a0010-0917000178ta170913 0 ind  a979-3762-78-0 a297 a297 AZH c0 aAzhim Said Abdul1 aCara Islami Mencegah dan Mengobati Gangguan Otak,Stres,dan Depresi. /cSyeikh Dr.Said Abdul Azhim aCet.1 aJakarta :bQultum Media,c2007 a82 hlm ;c19 cm aKesehatan Islami aDilengkapi Doa-doa Penerang Hati dan Pikiran. aTerapi Stres dan Depresi aGangguan Otak aPencegahan dan Pengobatan Ilahiyah aSistem Pengobatan Islamia aPetunjuk bagi Pasien dan Dokter a178